| 000 | 00666nam a2200205 i 4500 | ||
|---|---|---|---|
| 001 | 29414 | ||
| 003 | ES-MaACL | ||
| 005 | 20250826051215.0 | ||
| 007 | t| | ||
| 008 | 030121s1940 sp ||||1| spa d | ||
| 100 | 1 |
_aBallesteros, Pío, _d1882-1952 _925043 |
|
| 245 | 1 | 0 |
_aManual de hacienda pública / _cPío Ballesteros. |
| 260 |
_aMadrid : _bEditorial Revista de Derecho Privado., _c1940. |
||
| 300 |
_aXV, 378 p. ; _c23 cm. |
||
| 490 | 1 |
_aSerie G. Manuales de derecho ; _v4 |
|
| 650 | 7 |
_aHacienda pública _2embne _913279 |
|
| 830 | 0 | 0 |
_aManuales de derecho, economía y hacienda _v4 _9182706 |
| 852 |
_aES-MaACL _jP-878 |
||
| 999 |
_c29414 _d29414 |
||